00457nam a2200169Ia 450000500170000000800410001702000180005804100120007608200130008810000230010124500590012425000120018326000460019530000190024165000150026065000120027520260429112219.0260429s9999||||xx |||||||||||||| ||und|| a9788197468209 aEnglish a507bSRI aSrivastava, Poonam 0aFoundations of science education / cPoonam Srivastava a1st ed. aNew Delhi : bKanishka Publishers,c2024. axi, 188 p.; hb a Education aScience